Knowledge Treasury Book My First Book Of Knowledge / (Record no. 203688)

MARC details
000 -LEADER
fixed length control field 00716 a2200205 4500
005 - DATE AND TIME OF LATEST TRANSACTION
control field 20240705155655.0
010 ## - LCCN (DPL NO)
LC control number B-759747-753
020 ## - INTERNATIONAL STANDARD BOOK NUMBER
International Standard Book Number 9789355412812
Terms of availability 1495.00
035 ## - SYSTEM CONTROL NUMBER
System control number B-759747-753
037 ## - SOURCE OF ACQUISITION
Source of stock number/acquisition Sunnvik books
082 ## - DEWEY DECIMAL CLASSIFICATION NUMBER
Classification number 000
100 ## - MAIN ENTRY--PERSONAL NAME
Personal name Kelly, Miles
245 ## - TITLE STATEMENT
Title Knowledge Treasury Book My First Book Of Knowledge /
260 ## - PUBLICATION, DISTRIBUTION, ETC. (IMPRINT)
Place of publication, distribution, etc India
Name of publisher, distributor, etc Brijbasi Art Press LTD
270 ## - ADDRESS
Address India
300 ## - PHYSICAL DESCRIPTION
Extent 315 p.
Dimensions 28cm(Hb)
700 ## - ADDED ENTRY--PERSONAL NAME
Personal name Dickens's, Charles
9 (RLIN) 67474
942 ## - ADDED ENTRY ELEMENTS (KOHA)
Institution code [OBSOLETE] dpl
Item type Children Books
Source of classification or shelving scheme Dewey Decimal Classification
Classification part 000
Call number suffix KNO
Holdings
Withdrawn status Lost status Not for loan Collection code Home library Current library Date acquired Source of acquisition Cost, normal purchase price Full call number Barcode Copy number Cost, replacement price Koha item type
      Non-fiction Ashok Vihar Ashok Vihar 05/07/2024 Sunnvik books/GST-INI/11.06.2024/192/07.06.2024/18.06.2024 1495.00 000 KNO B-759748 1 1495.00 Children Books
      Non-fiction Central Library Central Library 05/07/2024 Sunnvik books/GST-INI/11.06.2024/192/07.06.2024/18.06.2024 1495.00 000 KNO B-759747 1 1495.00 Children Books
      Non-fiction Janak Puri Janak Puri 05/07/2024 Sunnvik books/GST-INI/11.06.2024/192/07.06.2024/18.06.2024 1495.00 000 KNO B-759750 1 1495.00 Children Books
      Non-fiction Patel Nagar Patel Nagar 05/07/2024 Sunnvik books/GST-INI/11.06.2024/192/07.06.2024/18.06.2024 1495.00 000 KNO B-759749 1 1495.00 Children Books
      Non-fiction R.K.Puram-8 R.K.Puram-8 05/07/2024 Sunnvik books/GST-INI/11.06.2024/192/07.06.2024/18.06.2024 1495.00 000 KNO B-759752 1 1495.00 Children Books
      Non-fiction Sarojini Nagar Sarojini Nagar 05/07/2024 Sunnvik books/GST-INI/11.06.2024/192/07.06.2024/18.06.2024 1495.00 000 KNO B-759751 1 1495.00 Children Books
      Non-fiction Vinoba Puri Vinoba Puri 05/07/2024 Sunnvik books/GST-INI/11.06.2024/192/07.06.2024/18.06.2024 1495.00 000 KNO B-759753 1 1495.00 Children Books

© Delhi Public Library
Hit Counter
free hit counter